| 000 | 01037cam a2200277 4500 | ||
|---|---|---|---|
| 008 | 000000n1999 000 0 eng u | ||
| 020 | _a0854069909 | ||
| 035 | _a(Sirsi) u101074 | ||
| 050 | _a338.9 | ||
| 100 | _aAkintoye, A. | ||
| 245 | _aLocal authority risk management and the Private Finance Initiative. | ||
| 260 |
_aLondon _bRICS _c1999 |
||
| 300 | _aiii,81p. ; 30cm. | ||
| 520 | _aA report on research carried out by Akintola Akintoye, Eamon Fitzgerald, Cliff Hardcastle and Hocine Kraria of Glasgow Caledonian University and funded by Glasgow Caledonian University and the Education Trust of the Royal Institution of Chartered Surveyors. | ||
| 650 | _aPFI | ||
| 650 | _aLOCAL AUTHORITIES | ||
| 650 | _aPRIVATE FINANCE INITIATIVE | ||
| 650 | _aRISK MANAGEMENT | ||
| 650 | _aPUBLIC PRIVATE PARTNERSHIPS | ||
| 650 | _aPUBLIC PRIVATE PARTNERSHIPS | ||
| 690 | _aPROPERTY-PROPERTY FINANCE AND INVESTMENT | ||
| 700 | _aFitzgerald, Eamon | ||
| 700 | _aHardcastle, Cliff | ||
| 700 | _aKraria, Hocine | ||
| 942 | _n0 | ||
| 999 |
_c100008 _d100008 |
||